000 00824nam a2200181Ia 4500
008 100920s9999 xx 000 0 und d
082 _b10375
_a891.43 थ 58
100 _aचन्द्र राय गोविन्द.
245 _aभरत नाट्यशास्त्र में नाट्रयशालाओं के रूप.
260 _bकाशी मुद्रणालय, वाराणसी.
_c1958
300 _a24
_bसाधी
365 _b5
520 _aहिंदी.
630 _aभरत नाट्यशास्त्र में नाट्रयशालाओं के रूप.
650 _aहिंदी.
730 _aभरत नाट्यशास्त्र में नाट्रयशालाओं के रूप.
942 _cBOOK
999 _c676816
_d676813